Gaming Quiz

Random Gaming Quiz

Cube uhc season 4 players Quiz Stats

 Plays Quiz not verified by Sporcle

Challenge
Share
Tweet
Embed
Score 0/24 Timer 08:00
0 Plays Today
how they died player % Correct
Slain by [4]daHbomb [Purple]
88.2%
Shot by [16] (suicide)Vikkstar123 [Red]
88.2%
Slain by [1]Graser10 [Orange]
82.4%
Slain by an EndermanThatOneTomahawk [Purple]
76.5%
Blown up by Ender CrystalTYBZI [Purple]
76.5%
Accidently killed themself with fireLDShadowLady [Red]
76.5%
Glitched into LavaGrapeAppleSauce [Orange]
76.5%
Shot by [1]Realthinknoodles [Yellow]
70.6%
Shot by [3]Strauberryjam [Green]
70.6%
Withered AwayDulJuice [Green]
70.6%
Slain by [7]PokeDiger1 [Blue]
70.6%
slain by [14]Forstaken [Blue]
70.6%
how they died player % Correct
Slain by ZombieChilddolphin [Red]
70.6%
Slain by EndermanDevon_Mines [Purple]
64.7%
Doomed to fall by the Ender DragonFlexVoid [Yellow]
64.7%
Shot by [3]Vasehh [Green]
64.7%
Shot by [5]xBayani [Green]
64.7%
Accidently killed themself with fireAshleyMariee [Red]
64.7%
Shot by [1]TheCampingRusher [Orange]
64.7%
Tried to swim in LavaMrMitch361 [Orange]
58.8%
Burned to death (by Blaze)Dr Playstation [Yellow]
52.9%
Slain by ZombieHugh Murrell [Blue]
52.9%
Blown up by CreeperPalmerater [Blue]
35.3%
Slain by [13]Defek7 [Yellow]
29.4%

You're not logged in!

Compare scores with friends on all Sporcle quizzes.
OR
Log In

You Might Also Like...

Show Comments

Extras

Created May 22, 2016ReportNominate
Tags:cube, player, season

Top Quizzes Today


Score Distribution

Your Account Isn't Verified!

In order to create a playlist on Sporcle, you need to verify the email address you used during registration. Go to your Sporcle Settings to finish the process.

Report this User

Report this user for behavior that violates our Community Guidelines.

Details: